Hidrocarburos en general / (Record no. 79228)

MARC details
000 -LEADER
campo de control de longitud fija 00561nam a2200193 i 4500
001 - NÚMERO DE CONTROL
campo de control 79228
003 - IDENTIFICADOR DE NÚMERO DE CONTROL
campo de control ES-MaACL
005 - FECHA Y HORA DE LA ÚLTIMA TRANSACCIÓN
campo de control 20230906173930.0
007 - CAMPO FIJO DE DESCRIPCIÓN FÍSICA--INFORMACIÓN GENERAL
campo de control de longitud fija t|
008 - DATOS DE LONGITUD FIJA--INFORMACIÓN GENERAL
campo de control de longitud fija 041020s1943 sp ||||1| spa d
100 1# - ENTRADA PRINCIPAL--NOMBRE DE PERSONA
Nombre de persona Hereza Ortuño, Juan.
9 (RLIN) 62707
245 10 - MENCIÓN DEL TÍTULO
Título Hidrocarburos en general /
Mención de responsabilidad, etc. por Juan Hereza Ortuño.
260 ## - PUBLICACIÓN, DISTRIBUCIÓN, ETC.
Lugar de publicación, distribución, etc. Madrid :
Nombre del editor, distribuidor, etc. [s.n.,
Fecha de publicación, distribución, etc. 1943] (
Fabricante Gráficas Reunidas)
300 ## - DESCRIPCIÓN FÍSICA
Extensión 38 p. ;
Dimensiones 16 cm.
490 1# - MENCIÓN DE SERIE
Mención de serie Mineria y metalurgia
830 0# - PUNTO DE ACCESO ADICIONAL DE SERIE-TÍTULO UNIFORME
Título uniforme Mineria y metalurgia
9 (RLIN) 183427
852 ## - LOCALIZACIÓN
Ubicación ES-MaACL
Número de control de estantería F-15835
Sublocalización o colección R.20305
Holdings
Estatus retirado Estado de pérdida Estado de daño No para préstamo Biblioteca de origen Biblioteca actual Ubicación en estantería Fecha de adquisición Fuente de adquisición Total de préstamos Signatura topográfica completa Código de barras Visto por última vez Precio de reemplazo Tipo de ítem Koha
        Biblioteca del Ateneo de Madrid Biblioteca del Ateneo de Madrid Sala Pecera Planta 2 17/01/2008     F-15835 1082855 23/02/2023 23/02/2023 Libro impreso